| 000 | 00469nam a2200193Ia 4500 | ||
|---|---|---|---|
| 005 | 20240913130107.0 | ||
| 008 | 240913s9999||||xx |||||||||||||| ||und|| | ||
| 041 | _aENGLISH | ||
| 082 | _A621.3 N3 | ||
| 100 | _aDonald G Fink | ||
| 245 | 0 | _aStandard Handbook for Electrical Engineers | |
| 250 | _a8th | ||
| 260 |
_c1993 _bMGH,New York |
||
| 500 | _aREFERENCE | ||
| 650 |
_aElectrical _bElectrical |
||
| 700 | _a Wayne Beaty H | ||
| 942 | _cREF | ||
| 999 |
_c246956 _d246956 |
||